00631nam a2200193Ia 450000500170000000800460001702000180006303700100008104000180009104100130010908400080012210000200013024500680015026000570021885600400027594200100031599900210032595200910034620260120132126.0008 260114s9999 xx 000 0 eng d a9781383023442 aEBOOK aCRLbengcCRL aeng2eng qCRL aKrawitz9935240 0aBorderline Personality Disorder: A Practical Guide to Treatment bOxford University PressOxford University Pressc2023 uhttps://academic.oup.com/book/52437 cEBOOK c1527163d1527163 00104070aCRLbCRLd2026-01-20l0pCL1910651r2026-01-20 13:21:26w2026-01-20yEBOOK